<?xml version="1.0" encoding="UTF-8"?>
<record
    xmlns:xsi="http://www.w3.org/2001/XMLSchema-instance"
    xsi:schemaLocation="http://www.loc.gov/MARC21/slim http://www.loc.gov/standards/marcxml/schema/MARC21slim.xsd"
    xmlns="http://www.loc.gov/MARC21/slim">

  <leader>05013nam a22006617a 4500</leader>
  <controlfield tag="001">B-267556-587</controlfield>
  <controlfield tag="003">dpl</controlfield>
  <controlfield tag="005">20080604111935.0</controlfield>
  <controlfield tag="006">a|||||r|||||00| 1 </controlfield>
  <controlfield tag="007">ta</controlfield>
  <controlfield tag="008">080604t        xxu||||| |||| 00| 0 eng d</controlfield>
  <datafield tag="020" ind1=" " ind2=" ">
    <subfield code="a">9780746048566</subfield>
    <subfield code="c">65.00</subfield>
  </datafield>
  <datafield tag="035" ind1=" " ind2=" ">
    <subfield code="a">B-267556-587</subfield>
  </datafield>
  <datafield tag="040" ind1=" " ind2=" ">
    <subfield code="a">DPL</subfield>
  </datafield>
  <datafield tag="082" ind1=" " ind2=" ">
    <subfield code="a">S / EVE</subfield>
  </datafield>
  <datafield tag="100" ind1=" " ind2=" ">
    <subfield code="a">Everett, Felicity </subfield>
  </datafield>
  <datafield tag="245" ind1=" " ind2=" ">
    <subfield code="a">The Burglar's breakfast /</subfield>
    <subfield code="c">by Felicity Everett; adapted by Lesley Sims; illustrated by Christyan Fox </subfield>
  </datafield>
  <datafield tag="260" ind1=" " ind2=" ">
    <subfield code="a">London </subfield>
    <subfield code="b">Usborne Publishing </subfield>
    <subfield code="c">2002</subfield>
  </datafield>
  <datafield tag="260" ind1=" " ind2=" ">
    <subfield code="b">Blue Berry (Dist6ributors)</subfield>
  </datafield>
  <datafield tag="270" ind1=" " ind2=" ">
    <subfield code="a">Usborne Hosue, 83-85 Saffron Hill,  </subfield>
    <subfield code="b">London </subfield>
  </datafield>
  <datafield tag="300" ind1=" " ind2=" ">
    <subfield code="a">48p.</subfield>
    <subfield code="c">18 cm (pbk) </subfield>
    <subfield code="b">col. ill. </subfield>
  </datafield>
  <datafield tag="490" ind1=" " ind2=" ">
    <subfield code="a">Usbrone young reading series 1</subfield>
  </datafield>
  <datafield tag="700" ind1=" " ind2=" ">
    <subfield code="a">Sims, Lisley </subfield>
  </datafield>
  <datafield tag="700" ind1=" " ind2=" ">
    <subfield code="a">Fox, Christyan </subfield>
  </datafield>
  <datafield tag="942" ind1=" " ind2=" ">
    <subfield code="2">ddc</subfield>
    <subfield code="c">CH</subfield>
    <subfield code="h">S / EVE</subfield>
  </datafield>
  <datafield tag="999" ind1=" " ind2=" ">
    <subfield code="c">13255</subfield>
    <subfield code="d">13255</subfield>
  </datafield>
  <datafield tag="952" ind1=" " ind2=" ">
    <subfield code="0">0</subfield>
    <subfield code="1">0</subfield>
    <subfield code="4">0</subfield>
    <subfield code="7">0</subfield>
    <subfield code="8">FIC</subfield>
    <subfield code="a">M</subfield>
    <subfield code="b">M</subfield>
    <subfield code="d">2008-07-17</subfield>
    <subfield code="g">65.00</subfield>
    <subfield code="l">0</subfield>
    <subfield code="o">S / EVE</subfield>
    <subfield code="p">B-267556</subfield>
    <subfield code="r">2008-09-15 00:00:00</subfield>
    <subfield code="t">4</subfield>
    <subfield code="v">65.00</subfield>
    <subfield code="w">2008-09-15</subfield>
    <subfield code="y">CH</subfield>
  </datafield>
  <datafield tag="952" ind1=" " ind2=" ">
    <subfield code="0">0</subfield>
    <subfield code="1">0</subfield>
    <subfield code="4">0</subfield>
    <subfield code="7">0</subfield>
    <subfield code="8">FIC</subfield>
    <subfield code="a">M</subfield>
    <subfield code="b">M</subfield>
    <subfield code="d">2008-07-17</subfield>
    <subfield code="g">65.00</subfield>
    <subfield code="l">0</subfield>
    <subfield code="o">S / EVE</subfield>
    <subfield code="p">B-267557</subfield>
    <subfield code="r">2008-09-15 00:00:00</subfield>
    <subfield code="t">4</subfield>
    <subfield code="v">65.00</subfield>
    <subfield code="w">2008-09-15</subfield>
    <subfield code="y">CH</subfield>
  </datafield>
  <datafield tag="952" ind1=" " ind2=" ">
    <subfield code="0">0</subfield>
    <subfield code="1">0</subfield>
    <subfield code="4">0</subfield>
    <subfield code="7">0</subfield>
    <subfield code="8">FIC</subfield>
    <subfield code="a">M</subfield>
    <subfield code="b">M</subfield>
    <subfield code="d">2008-07-17</subfield>
    <subfield code="g">65.00</subfield>
    <subfield code="l">0</subfield>
    <subfield code="o">S / EVE</subfield>
    <subfield code="p">B-267558</subfield>
    <subfield code="r">2008-09-15 00:00:00</subfield>
    <subfield code="t">4</subfield>
    <subfield code="v">65.00</subfield>
    <subfield code="w">2008-09-15</subfield>
    <subfield code="y">CH</subfield>
  </datafield>
  <datafield tag="952" ind1=" " ind2=" ">
    <subfield code="0">0</subfield>
    <subfield code="1">0</subfield>
    <subfield code="4">0</subfield>
    <subfield code="7">0</subfield>
    <subfield code="8">FIC</subfield>
    <subfield code="a">M</subfield>
    <subfield code="b">M</subfield>
    <subfield code="d">2008-07-17</subfield>
    <subfield code="g">65.00</subfield>
    <subfield code="l">0</subfield>
    <subfield code="o">S / EVE</subfield>
    <subfield code="p">B-267559</subfield>
    <subfield code="r">2008-09-15 00:00:00</subfield>
    <subfield code="t">4</subfield>
    <subfield code="v">65.00</subfield>
    <subfield code="w">2008-09-15</subfield>
    <subfield code="y">CH</subfield>
  </datafield>
  <datafield tag="952" ind1=" " ind2=" ">
    <subfield code="0">0</subfield>
    <subfield code="1">0</subfield>
    <subfield code="4">0</subfield>
    <subfield code="7">0</subfield>
    <subfield code="8">FIC</subfield>
    <subfield code="a">NPL</subfield>
    <subfield code="b">NPL</subfield>
    <subfield code="d">2008-07-17</subfield>
    <subfield code="g">65.00</subfield>
    <subfield code="l">0</subfield>
    <subfield code="o">S / EVE</subfield>
    <subfield code="p">B-267560</subfield>
    <subfield code="r">2008-09-15 00:00:00</subfield>
    <subfield code="t">1</subfield>
    <subfield code="v">65.00</subfield>
    <subfield code="w">2008-09-15</subfield>
    <subfield code="y">CH</subfield>
  </datafield>
  <datafield tag="952" ind1=" " ind2=" ">
    <subfield code="0">0</subfield>
    <subfield code="1">0</subfield>
    <subfield code="4">0</subfield>
    <subfield code="7">0</subfield>
    <subfield code="8">FIC</subfield>
    <subfield code="a">L</subfield>
    <subfield code="b">L</subfield>
    <subfield code="d">2008-07-17</subfield>
    <subfield code="g">6.00</subfield>
    <subfield code="l">0</subfield>
    <subfield code="o">S / EVE</subfield>
    <subfield code="p">B-267561</subfield>
    <subfield code="r">2008-09-15 00:00:00</subfield>
    <subfield code="t">1</subfield>
    <subfield code="v">65.00</subfield>
    <subfield code="w">2008-09-15</subfield>
    <subfield code="y">CH</subfield>
  </datafield>
  <datafield tag="952" ind1=" " ind2=" ">
    <subfield code="0">0</subfield>
    <subfield code="1">0</subfield>
    <subfield code="4">0</subfield>
    <subfield code="7">0</subfield>
    <subfield code="8">FIC</subfield>
    <subfield code="a">BL1</subfield>
    <subfield code="b">BL1</subfield>
    <subfield code="d">2008-07-17</subfield>
    <subfield code="g">65.00</subfield>
    <subfield code="l">0</subfield>
    <subfield code="o">S / EVE</subfield>
    <subfield code="p">B-267562</subfield>
    <subfield code="r">2008-09-15 00:00:00</subfield>
    <subfield code="t">1</subfield>
    <subfield code="v">65.00</subfield>
    <subfield code="w">2008-09-15</subfield>
    <subfield code="y">CH</subfield>
  </datafield>
  <datafield tag="952" ind1=" " ind2=" ">
    <subfield code="0">0</subfield>
    <subfield code="1">0</subfield>
    <subfield code="4">0</subfield>
    <subfield code="7">0</subfield>
    <subfield code="8">FIC</subfield>
    <subfield code="a">KGM</subfield>
    <subfield code="b">KGM</subfield>
    <subfield code="d">2008-07-17</subfield>
    <subfield code="g">65.00</subfield>
    <subfield code="l">0</subfield>
    <subfield code="o">S / EVE</subfield>
    <subfield code="p">B-267563</subfield>
    <subfield code="r">2008-09-15 00:00:00</subfield>
    <subfield code="t">1</subfield>
    <subfield code="v">65.00</subfield>
    <subfield code="w">2008-09-15</subfield>
    <subfield code="y">CH</subfield>
  </datafield>
  <datafield tag="952" ind1=" " ind2=" ">
    <subfield code="0">0</subfield>
    <subfield code="1">0</subfield>
    <subfield code="4">0</subfield>
    <subfield code="7">0</subfield>
    <subfield code="8">FIC</subfield>
    <subfield code="a">PR</subfield>
    <subfield code="b">PR</subfield>
    <subfield code="d">2008-07-17</subfield>
    <subfield code="g">65.00</subfield>
    <subfield code="l">0</subfield>
    <subfield code="o">S / EVE</subfield>
    <subfield code="p">B-267564</subfield>
    <subfield code="r">2008-09-15 00:00:00</subfield>
    <subfield code="t">1</subfield>
    <subfield code="v">65.00</subfield>
    <subfield code="w">2008-09-15</subfield>
    <subfield code="y">CH</subfield>
  </datafield>
  <datafield tag="952" ind1=" " ind2=" ">
    <subfield code="0">0</subfield>
    <subfield code="1">0</subfield>
    <subfield code="4">0</subfield>
    <subfield code="7">0</subfield>
    <subfield code="8">FIC</subfield>
    <subfield code="a">TN</subfield>
    <subfield code="b">TN</subfield>
    <subfield code="d">2008-07-17</subfield>
    <subfield code="g">65.00</subfield>
    <subfield code="l">1</subfield>
    <subfield code="o">S / EVE</subfield>
    <subfield code="p">B-267565</subfield>
    <subfield code="r">2025-10-28 00:00:00</subfield>
    <subfield code="s">2025-10-01</subfield>
    <subfield code="t">1</subfield>
    <subfield code="v">65.00</subfield>
    <subfield code="w">2008-09-15</subfield>
    <subfield code="y">CH</subfield>
  </datafield>
  <datafield tag="952" ind1=" " ind2=" ">
    <subfield code="0">0</subfield>
    <subfield code="1">0</subfield>
    <subfield code="4">0</subfield>
    <subfield code="7">0</subfield>
    <subfield code="8">FIC</subfield>
    <subfield code="a">CJ</subfield>
    <subfield code="b">CJ</subfield>
    <subfield code="d">2008-07-17</subfield>
    <subfield code="g">65.00</subfield>
    <subfield code="l">0</subfield>
    <subfield code="o">S / EVE</subfield>
    <subfield code="p">B-267566</subfield>
    <subfield code="r">2008-09-15 00:00:00</subfield>
    <subfield code="t">1</subfield>
    <subfield code="v">65.00</subfield>
    <subfield code="w">2008-09-15</subfield>
    <subfield code="y">CH</subfield>
  </datafield>
  <datafield tag="952" ind1=" " ind2=" ">
    <subfield code="0">0</subfield>
    <subfield code="1">0</subfield>
    <subfield code="4">0</subfield>
    <subfield code="7">0</subfield>
    <subfield code="8">FIC</subfield>
    <subfield code="a">DIZ</subfield>
    <subfield code="b">DIZ</subfield>
    <subfield code="d">2008-07-17</subfield>
    <subfield code="g">65.00</subfield>
    <subfield code="l">1</subfield>
    <subfield code="o">S / EVE</subfield>
    <subfield code="p">B-267567</subfield>
    <subfield code="r">2022-02-23 00:00:00</subfield>
    <subfield code="s">2022-02-04</subfield>
    <subfield code="t">1</subfield>
    <subfield code="v">65.00</subfield>
    <subfield code="w">2008-09-15</subfield>
    <subfield code="y">CH</subfield>
  </datafield>
  <datafield tag="952" ind1=" " ind2=" ">
    <subfield code="0">0</subfield>
    <subfield code="1">0</subfield>
    <subfield code="4">0</subfield>
    <subfield code="7">0</subfield>
    <subfield code="8">FIC</subfield>
    <subfield code="a">ZLS</subfield>
    <subfield code="b">ZLS</subfield>
    <subfield code="d">2008-07-17</subfield>
    <subfield code="g">65.00</subfield>
    <subfield code="l">2</subfield>
    <subfield code="o">S / EVE</subfield>
    <subfield code="p">B-267568</subfield>
    <subfield code="r">2025-11-29 00:00:00</subfield>
    <subfield code="s">2025-11-15</subfield>
    <subfield code="t">1</subfield>
    <subfield code="v">65.00</subfield>
    <subfield code="w">2008-09-15</subfield>
    <subfield code="y">CH</subfield>
  </datafield>
  <datafield tag="952" ind1=" " ind2=" ">
    <subfield code="0">0</subfield>
    <subfield code="1">0</subfield>
    <subfield code="4">0</subfield>
    <subfield code="7">0</subfield>
    <subfield code="8">FIC</subfield>
    <subfield code="a">RKP</subfield>
    <subfield code="b">RKP</subfield>
    <subfield code="d">2008-07-17</subfield>
    <subfield code="g">65.00</subfield>
    <subfield code="l">1</subfield>
    <subfield code="o">S / EVE</subfield>
    <subfield code="p">B-267569</subfield>
    <subfield code="r">2023-07-06 00:00:00</subfield>
    <subfield code="s">2023-06-17</subfield>
    <subfield code="t">1</subfield>
    <subfield code="v">65.00</subfield>
    <subfield code="w">2008-09-15</subfield>
    <subfield code="y">CH</subfield>
  </datafield>
  <datafield tag="952" ind1=" " ind2=" ">
    <subfield code="0">1</subfield>
    <subfield code="1">0</subfield>
    <subfield code="4">0</subfield>
    <subfield code="7">0</subfield>
    <subfield code="8">FIC</subfield>
    <subfield code="a">AG</subfield>
    <subfield code="b">AG</subfield>
    <subfield code="d">2008-07-17</subfield>
    <subfield code="g">65.00</subfield>
    <subfield code="l">0</subfield>
    <subfield code="o">S / EVE</subfield>
    <subfield code="p">B-267570</subfield>
    <subfield code="r">2008-09-15 00:00:00</subfield>
    <subfield code="t">1</subfield>
    <subfield code="v">65.00</subfield>
    <subfield code="w">2008-09-15</subfield>
    <subfield code="y">CH</subfield>
  </datafield>
  <datafield tag="952" ind1=" " ind2=" ">
    <subfield code="0">0</subfield>
    <subfield code="1">0</subfield>
    <subfield code="4">0</subfield>
    <subfield code="7">0</subfield>
    <subfield code="8">FIC</subfield>
    <subfield code="a">SP</subfield>
    <subfield code="b">SP</subfield>
    <subfield code="d">2008-07-17</subfield>
    <subfield code="g">65.00</subfield>
    <subfield code="l">0</subfield>
    <subfield code="o">S / EVE</subfield>
    <subfield code="p">B-267571</subfield>
    <subfield code="r">2008-09-15 00:00:00</subfield>
    <subfield code="t">1</subfield>
    <subfield code="v">65.00</subfield>
    <subfield code="w">2008-09-15</subfield>
    <subfield code="y">CH</subfield>
  </datafield>
  <datafield tag="952" ind1=" " ind2=" ">
    <subfield code="0">0</subfield>
    <subfield code="1">0</subfield>
    <subfield code="4">0</subfield>
    <subfield code="7">0</subfield>
    <subfield code="8">FIC</subfield>
    <subfield code="a">JB</subfield>
    <subfield code="b">JB</subfield>
    <subfield code="d">2008-07-17</subfield>
    <subfield code="g">65.00</subfield>
    <subfield code="l">0</subfield>
    <subfield code="o">S / EVE</subfield>
    <subfield code="p">B-267572</subfield>
    <subfield code="r">2008-09-15 00:00:00</subfield>
    <subfield code="t">1</subfield>
    <subfield code="v">65.00</subfield>
    <subfield code="w">2008-09-15</subfield>
    <subfield code="y">CH</subfield>
  </datafield>
  <datafield tag="952" ind1=" " ind2=" ">
    <subfield code="0">0</subfield>
    <subfield code="1">0</subfield>
    <subfield code="4">0</subfield>
    <subfield code="7">0</subfield>
    <subfield code="8">FIC</subfield>
    <subfield code="a">NN</subfield>
    <subfield code="b">NN</subfield>
    <subfield code="d">2008-07-17</subfield>
    <subfield code="g">65.00</subfield>
    <subfield code="l">0</subfield>
    <subfield code="o">S / EVE</subfield>
    <subfield code="p">B-267573</subfield>
    <subfield code="r">2008-09-15 00:00:00</subfield>
    <subfield code="t">1</subfield>
    <subfield code="v">65.00</subfield>
    <subfield code="w">2008-09-15</subfield>
    <subfield code="y">CH</subfield>
  </datafield>
  <datafield tag="952" ind1=" " ind2=" ">
    <subfield code="0">0</subfield>
    <subfield code="1">0</subfield>
    <subfield code="4">0</subfield>
    <subfield code="7">0</subfield>
    <subfield code="8">FIC</subfield>
    <subfield code="a">BL3</subfield>
    <subfield code="b">BL3</subfield>
    <subfield code="d">2008-07-17</subfield>
    <subfield code="g">65.00</subfield>
    <subfield code="l">0</subfield>
    <subfield code="o">S / EVE</subfield>
    <subfield code="p">B-267574</subfield>
    <subfield code="r">2008-09-15 00:00:00</subfield>
    <subfield code="t">1</subfield>
    <subfield code="v">65.00</subfield>
    <subfield code="w">2008-09-15</subfield>
    <subfield code="y">CH</subfield>
  </datafield>
  <datafield tag="952" ind1=" " ind2=" ">
    <subfield code="0">4</subfield>
    <subfield code="1">6</subfield>
    <subfield code="2">ddc</subfield>
    <subfield code="4">0</subfield>
    <subfield code="7">0</subfield>
    <subfield code="8">FIC</subfield>
    <subfield code="a">NRR</subfield>
    <subfield code="b">NRR</subfield>
    <subfield code="d">2008-07-17</subfield>
    <subfield code="g">65.00</subfield>
    <subfield code="l">0</subfield>
    <subfield code="o">S / EVE</subfield>
    <subfield code="p">B-267575</subfield>
    <subfield code="r">2008-09-15 00:00:00</subfield>
    <subfield code="t">1</subfield>
    <subfield code="v">65.00</subfield>
    <subfield code="w">2008-09-15</subfield>
    <subfield code="y">CH</subfield>
  </datafield>
  <datafield tag="952" ind1=" " ind2=" ">
    <subfield code="0">0</subfield>
    <subfield code="1">0</subfield>
    <subfield code="4">0</subfield>
    <subfield code="7">0</subfield>
    <subfield code="8">FIC</subfield>
    <subfield code="a">BKK</subfield>
    <subfield code="b">BKK</subfield>
    <subfield code="d">2008-07-17</subfield>
    <subfield code="g">65.00</subfield>
    <subfield code="l">0</subfield>
    <subfield code="o">S / EVE</subfield>
    <subfield code="p">B-267576</subfield>
    <subfield code="r">2008-09-15 00:00:00</subfield>
    <subfield code="t">1</subfield>
    <subfield code="v">65.00</subfield>
    <subfield code="w">2008-09-15</subfield>
    <subfield code="y">CH</subfield>
  </datafield>
  <datafield tag="952" ind1=" " ind2=" ">
    <subfield code="0">0</subfield>
    <subfield code="1">0</subfield>
    <subfield code="4">0</subfield>
    <subfield code="7">0</subfield>
    <subfield code="8">FIC</subfield>
    <subfield code="a">NR</subfield>
    <subfield code="b">NR</subfield>
    <subfield code="d">2008-07-17</subfield>
    <subfield code="g">65.00</subfield>
    <subfield code="l">0</subfield>
    <subfield code="o">S / EVE</subfield>
    <subfield code="p">B-267577</subfield>
    <subfield code="r">2008-09-15 00:00:00</subfield>
    <subfield code="t">1</subfield>
    <subfield code="v">65.00</subfield>
    <subfield code="w">2008-09-15</subfield>
    <subfield code="y">CH</subfield>
  </datafield>
  <datafield tag="952" ind1=" " ind2=" ">
    <subfield code="0">0</subfield>
    <subfield code="1">0</subfield>
    <subfield code="4">0</subfield>
    <subfield code="7">0</subfield>
    <subfield code="8">FIC</subfield>
    <subfield code="a">BN</subfield>
    <subfield code="b">BN</subfield>
    <subfield code="d">2008-07-17</subfield>
    <subfield code="g">65.00</subfield>
    <subfield code="l">0</subfield>
    <subfield code="o">S / EVE</subfield>
    <subfield code="p">B-267578</subfield>
    <subfield code="r">2008-09-15 00:00:00</subfield>
    <subfield code="t">1</subfield>
    <subfield code="v">65.00</subfield>
    <subfield code="w">2008-09-15</subfield>
    <subfield code="y">CH</subfield>
  </datafield>
  <datafield tag="952" ind1=" " ind2=" ">
    <subfield code="0">0</subfield>
    <subfield code="1">0</subfield>
    <subfield code="4">0</subfield>
    <subfield code="7">0</subfield>
    <subfield code="8">FIC</subfield>
    <subfield code="a">KV</subfield>
    <subfield code="b">KV</subfield>
    <subfield code="d">2008-07-17</subfield>
    <subfield code="g">65.00</subfield>
    <subfield code="l">0</subfield>
    <subfield code="o">S / EVE</subfield>
    <subfield code="p">B-267579</subfield>
    <subfield code="r">2008-09-15 00:00:00</subfield>
    <subfield code="t">1</subfield>
    <subfield code="v">65.00</subfield>
    <subfield code="w">2008-09-15</subfield>
    <subfield code="y">CH</subfield>
  </datafield>
  <datafield tag="952" ind1=" " ind2=" ">
    <subfield code="0">0</subfield>
    <subfield code="1">0</subfield>
    <subfield code="4">0</subfield>
    <subfield code="7">0</subfield>
    <subfield code="8">FIC</subfield>
    <subfield code="a">MV</subfield>
    <subfield code="b">MV</subfield>
    <subfield code="d">2008-07-17</subfield>
    <subfield code="g">6.00</subfield>
    <subfield code="l">0</subfield>
    <subfield code="o">S / EVE</subfield>
    <subfield code="p">B-267580</subfield>
    <subfield code="r">2008-09-15 00:00:00</subfield>
    <subfield code="v">65.00</subfield>
    <subfield code="w">2008-09-15</subfield>
    <subfield code="y">CH</subfield>
  </datafield>
  <datafield tag="952" ind1=" " ind2=" ">
    <subfield code="0">0</subfield>
    <subfield code="1">0</subfield>
    <subfield code="4">0</subfield>
    <subfield code="7">0</subfield>
    <subfield code="8">FIC</subfield>
    <subfield code="a">MP</subfield>
    <subfield code="b">MP</subfield>
    <subfield code="d">2008-07-17</subfield>
    <subfield code="g">65.00</subfield>
    <subfield code="l">0</subfield>
    <subfield code="o">S / EVE</subfield>
    <subfield code="p">B-267581</subfield>
    <subfield code="r">2008-09-15 00:00:00</subfield>
    <subfield code="t">1</subfield>
    <subfield code="v">65.00</subfield>
    <subfield code="w">2008-09-15</subfield>
    <subfield code="y">CH</subfield>
  </datafield>
  <datafield tag="952" ind1=" " ind2=" ">
    <subfield code="0">0</subfield>
    <subfield code="1">0</subfield>
    <subfield code="4">0</subfield>
    <subfield code="7">0</subfield>
    <subfield code="8">FIC</subfield>
    <subfield code="a">BL4</subfield>
    <subfield code="b">BL4</subfield>
    <subfield code="d">2008-07-17</subfield>
    <subfield code="g">65.00</subfield>
    <subfield code="l">3</subfield>
    <subfield code="m">2</subfield>
    <subfield code="o">S / EVE</subfield>
    <subfield code="p">B-267582</subfield>
    <subfield code="r">2020-01-14 00:00:00</subfield>
    <subfield code="s">2020-01-03</subfield>
    <subfield code="t">1</subfield>
    <subfield code="v">65.00</subfield>
    <subfield code="w">2008-09-15</subfield>
    <subfield code="y">CH</subfield>
  </datafield>
  <datafield tag="952" ind1=" " ind2=" ">
    <subfield code="0">0</subfield>
    <subfield code="1">0</subfield>
    <subfield code="4">0</subfield>
    <subfield code="7">0</subfield>
    <subfield code="8">FIC</subfield>
    <subfield code="a">YV</subfield>
    <subfield code="b">YV</subfield>
    <subfield code="d">2008-07-17</subfield>
    <subfield code="g">65.00</subfield>
    <subfield code="l">0</subfield>
    <subfield code="o">S / EVE</subfield>
    <subfield code="p">B-267583</subfield>
    <subfield code="r">2008-09-15 00:00:00</subfield>
    <subfield code="t">1</subfield>
    <subfield code="v">65.00</subfield>
    <subfield code="w">2008-09-15</subfield>
    <subfield code="y">CH</subfield>
  </datafield>
  <datafield tag="952" ind1=" " ind2=" ">
    <subfield code="0">0</subfield>
    <subfield code="1">0</subfield>
    <subfield code="4">0</subfield>
    <subfield code="7">0</subfield>
    <subfield code="8">FIC</subfield>
    <subfield code="a">VV</subfield>
    <subfield code="b">VV</subfield>
    <subfield code="d">2008-07-17</subfield>
    <subfield code="g">65.00</subfield>
    <subfield code="l">0</subfield>
    <subfield code="o">S / EVE</subfield>
    <subfield code="p">B-267584</subfield>
    <subfield code="r">2008-09-15 00:00:00</subfield>
    <subfield code="t">1</subfield>
    <subfield code="v">65.00</subfield>
    <subfield code="w">2008-09-15</subfield>
    <subfield code="y">CH</subfield>
  </datafield>
  <datafield tag="952" ind1=" " ind2=" ">
    <subfield code="0">0</subfield>
    <subfield code="1">0</subfield>
    <subfield code="2">ddc</subfield>
    <subfield code="4">0</subfield>
    <subfield code="7">0</subfield>
    <subfield code="8">FIC</subfield>
    <subfield code="a">RC4</subfield>
    <subfield code="b">RC4</subfield>
    <subfield code="d">2008-07-17</subfield>
    <subfield code="g">65.00</subfield>
    <subfield code="l">3</subfield>
    <subfield code="o">S / EVE</subfield>
    <subfield code="p">B-267585</subfield>
    <subfield code="r">2021-06-25 00:00:00</subfield>
    <subfield code="s">2021-06-24</subfield>
    <subfield code="t">1</subfield>
    <subfield code="v">65.00</subfield>
    <subfield code="w">2008-09-15</subfield>
    <subfield code="y">CH</subfield>
  </datafield>
  <datafield tag="952" ind1=" " ind2=" ">
    <subfield code="0">0</subfield>
    <subfield code="1">0</subfield>
    <subfield code="4">0</subfield>
    <subfield code="7">0</subfield>
    <subfield code="8">FIC</subfield>
    <subfield code="a">RC</subfield>
    <subfield code="b">RC</subfield>
    <subfield code="d">2008-07-17</subfield>
    <subfield code="g">65.00</subfield>
    <subfield code="l">0</subfield>
    <subfield code="o">S / EVE</subfield>
    <subfield code="p">B-267586</subfield>
    <subfield code="r">2008-09-15 00:00:00</subfield>
    <subfield code="t">2</subfield>
    <subfield code="v">65.00</subfield>
    <subfield code="w">2008-09-15</subfield>
    <subfield code="y">CH</subfield>
  </datafield>
  <datafield tag="952" ind1=" " ind2=" ">
    <subfield code="0">0</subfield>
    <subfield code="1">0</subfield>
    <subfield code="4">0</subfield>
    <subfield code="7">0</subfield>
    <subfield code="8">FIC</subfield>
    <subfield code="a">RC</subfield>
    <subfield code="b">RC</subfield>
    <subfield code="d">2008-07-17</subfield>
    <subfield code="g">65.00</subfield>
    <subfield code="l">0</subfield>
    <subfield code="o">S / EVE</subfield>
    <subfield code="p">B-267587</subfield>
    <subfield code="r">2008-09-15 00:00:00</subfield>
    <subfield code="t">2008-07-17</subfield>
    <subfield code="v">65.00</subfield>
    <subfield code="w">2008-09-15</subfield>
    <subfield code="y">CH</subfield>
  </datafield>
</record>
